Groupes de 3 - Culture Générale - Statistiques

Statistiques générales
  • Ce quiz a été pris 387 fois
  • Le résultat moyen est 41 sur 93
Statistiques - réponses
Hint Réponse % Correct
Pays commençant par la lettre J Jordanie
88%
Matériaux des maisons des 3 petits cochons Bois
87%
Pays commençant par la lettre J Japon
87%
Pays où se trouvent les 3 + hautes structures du monde Japon
87%
Matériaux des maisons des 3 petits cochons Paille
86%
Couleurs sur le drapeau de l'Estonie Blanc
85%
Couleurs sur le drapeau de l'Estonie Bleu
85%
Matériaux des maisons des 3 petits cochons Brique
84%
Prénoms des enfants de William et Kate Louis
82%
Grands tours cyclistes en Europe Tour de France
82%
Couleurs sur le drapeau de l'Estonie Noir
81%
Aéroports internationaux de Paris Charles de Gaulle
80%
Signification des W dans "www." World
80%
Volcans italiens actifs Etna
79%
Podium au handball masculin aux JO de Tokyo en 2020 France
79%
Pays commençant par la lettre J Jamaïque
79%
Aéroports internationaux de Paris Orly
77%
Clubs professionnels dans lesquels L. Messi a joué PSG
75%
Volcans italiens actifs Vésuve
75%
Clubs professionnels dans lesquels L. Messi a joué FC Barcelone
72%
Pays baltes Estonie
71%
Pays baltes Lettonie
71%
Pays baltes Lituanie
70%
Pays où se trouvent les 3 + hautes structures du monde Etats-Unis
68%
Noms des films de la saga Le Seigneur des Anneaux Le Retour du Roi
67%
Les Totally Spies Clover
66%
Noms des chipmunks Alvin
65%
Acteurs ayant incarné Spiderman Tom Holland
65%
Signification des W dans "www." Web
64%
Pays où se trouvent les 3 + hautes structures du monde Emirats Arabes Unis
62%
Zeus, Poséidon et Hadès en tant que Dieux romains Jupiter
60%
Rois de France aux règnes les plus longs Louis XIV
60%
Les Totally Spies Sam
60%
Signification des W dans "www." Wide
60%
Pokémon starters de la 1ère génération Salamèche
56%
Les Totally Spies Alex
53%
Enfants de Claire et Phil Dunphy dans Modern Family Alex
53%
Zeus, Poséidon et Hadès en tant que Dieux romains Neptune
53%
Clubs professionnels dans lesquels L. Messi a joué Inter Miami
52%
Pokémon starters de la 1ère génération Bulbizarre
51%
Pokémon starters de la 1ère génération Carapuce
51%
Grands tours cyclistes en Europe Giro
47%
Podium au handball masculin aux JO de Tokyo en 2020 Danemark
44%
Noms des films de la saga Le Seigneur des Anneaux Les Deux Tours
43%
Acteurs ayant incarné Spiderman Andrew Garfield
42%
Rois de France aux règnes les plus longs Louis XV
42%
Acteurs ayant incarné Spiderman Tobey Maguire
41%
Membres de la Team Rocket Miaouss
40%
Prénoms des enfants de William et Kate George
39%
Noms des films de la saga Le Seigneur des Anneaux La Communauté de l'anneau
39%
Grands tours cyclistes en Europe Vuelta
38%
Actrices principales du film Le Diable s'habille en Prada Meryl Streep
36%
Membres du Crew recrutés par Amixem Thomas
36%
Prénoms des enfants de William et Kate Charlotte
34%
Zeus, Poséidon et Hadès en tant que Dieux romains Pluton
34%
Podium au handball masculin aux JO de Tokyo en 2020 Espagne
33%
Membres de la Team Rocket James
33%
Membres du Crew recrutés par Amixem Etienne
32%
Actrices principales du film Le Diable s'habille en Prada Anne Hathaway
31%
Enfants de Tywin Lannister Tyrion
31%
Aéroports internationaux de Paris Le Bourget
30%
Membres de la Team Rocket Jessie
29%
Noms des chipmunks Théodore
29%
Membres du Crew recrutés par Amixem Yvan
28%
Enfants de Tywin Lannister Cersei
27%
Volcans italiens actifs Stromboli
27%
Noms des chipmunks Simon
26%
Objets nécessaires pour fabriquer une table d'enchantement dans Minecraft Diamant
25%
Objets nécessaires pour fabriquer une table d'enchantement dans Minecraft Livre
25%
Trilogie des films de K. Branagh inspirés des romans d'A. Christie Le Crime de l'Orient Express
22%
Enfants de Tywin Lannister Jamie
21%
Objets nécessaires pour fabriquer une table d'enchantement dans Minecraft Obsidienne
21%
Trilogie des films de K. Branagh inspirés des romans d'A. Christie Mort sur le Nil
19%
Actrices principales du film Le Diable s'habille en Prada Emily Blunt
17%
Skylanders inclus dans le pack de démarrage de Spyro's adventure Spyro
15%
Premiers personnages légendaires introduits dans Brawl Stars Léon
12%
Premiers personnages légendaires introduits dans Brawl Stars Corbac
11%
Premiers personnages légendaires introduits dans Brawl Stars Spike
11%
Trilogie des films de K. Branagh inspirés des romans d'A. Christie Mystère à Venise
9%
Enfants de Claire et Phil Dunphy dans Modern Family Luke
7%
Enfants de Claire et Phil Dunphy dans Modern Family Haley
6%
Fils de l'empereur Constantin ayant régné après sa mort Constant
5%
Prénoms des 3 enfants de Jack et Rebecca dans This is us Kate
5%
Prénoms des 3 enfants de Jack et Rebecca dans This is us Kevin
5%
Parents et enfant dans It Takes Two Cody
4%
Fils de l'empereur Constantin ayant régné après sa mort Constantin II
3%
Parents et enfant dans It Takes Two May
3%
Prénoms des 3 enfants de Jack et Rebecca dans This is us Randall
3%
Parents et enfant dans It Takes Two Rose
3%
Skylanders inclus dans le pack de démarrage de Spyro's adventure Trigger Happy
3%
Fils de l'empereur Constantin ayant régné après sa mort Constance II
2%
Skylanders inclus dans le pack de démarrage de Spyro's adventure Gill Grunt
2%
Rois de France aux règnes les plus longs Clotaire I
1%
Aucun quiz correspondant
Distribution des résultats
% des personnes avec chaque résultat
Percentile par nombre de réponses
Votre historique - résultats
Vous n’avez pas pris ce quiz